FAMIGLIA (LA) (Record n. 106931)

Dettagli MARC
000 -LEADER
fixed length control field 02271agaaa2200325 4500
001 - CONTROL NUMBER
control field 5997
003 - CONTROL NUMBER IDENTIFIER
control field IT-RoPAU
005 - DATE AND TIME OF LATEST TRANSACTION
control field 20220918181252.0
007 - PHYSICAL DESCRIPTION FIXED FIELD--GENERAL INFORMATION
fixed length control field d cvaizq
008 - FIXED-LENGTH DATA ELEMENTS--GENERAL INFORMATION
fixed length control field 50131s9999||||xx ||| | || ||und||
040 ## - CATALOGING SOURCE
Original cataloging agency IT-RoPAU
Transcribing agency IT-RoPAU
041 ## - LANGUAGE CODE
Language code of text/sound track or separate title ITALIANO
100 ## - MAIN ENTRY--PERSONAL NAME
Personal name Scola Ettore
Miscellaneous information Codice regista SPICS: 1407
9 (RLIN) 49500
130 ## - MAIN ENTRY--UNIFORM TITLE
Uniform title FAMIGLIA (LA)
9 (RLIN) 49501
245 ## - TITLE STATEMENT
Title FAMIGLIA (LA)
Statement of responsibility, etc. Prodotto da: Committeri Franco -- Sceneggiatura: Maccari Ruggero Scarpelli Furio Scola Ettore Diana Graziano -- Diretto da: Scola Ettore
Name of part/section of a work FAMIGLIA (LA) (Rif. Codice opera principale : H5997)
250 ## - EDITION STATEMENT
Edition statement Edizione Standard
260 ## - PUBLICATION, DISTRIBUTION, ETC. (IMPRINT)
Place of publication, distribution, etc. ROMA (ITALIA)
Name of publisher, distributor, etc. MASSFILM CINECITTA' / Distribuzione: IL MESSAGGERO
Date of manufacture "1986 (1° ed.: 2005 ; Ed. Lingua Orig.: 1986)"
300 ## - PHYSICAL DESCRIPTION
Extent DVD
Other physical details sonoro, col.
Dimensions 127 minuti
508 ## - CREATION/PRODUCTION CREDITS NOTE
Creation/production credits note "Fotografia: Aronovitch Ricardo; Montaggio: Malvestito Franco; Musica: Trovaioli Armando; Sceneggiatura: Maccari Ruggero Scarpelli Furio Scola Ettore Diana Graziano; Scenografia: Lo Fazio C. Ricceri ; Soggetto: Maccari Ruggero -- Scarpelli Furio"
511 ## - PARTICIPANT OR PERFORMER NOTE
Participant or performer note "Gassman Vittorio; Sandrelli Stefania; Piccolo Ottavia; Perlini Meme'; Ardant Fanny"
520 ## - SUMMARY, ETC.
Summary, etc. I RICORDI DI CARLO, ANZIANO PROFESSORE D'ITALIANO IN PENSIONE, SI SVILUPPANO A PARTIRE DA UNA VECCHIA FOTO SCATTATA NEL 1906 E SCORRONO SULLO SCHERMOIN NOVE FLASHBACK DI UN DECENNIO CIASCUNO FINO AD ARRIVARE AL 1986. IN QUESTI RICORDI RIVIVONO I PERSONAGGI E LE VICENDE GENERAZIONALI DI UNA FAMIGLIA BORGHESE, NEL LORO SUCCEDERSI DIMESSO E QUOTIDIANO, UN MICROCOSMO RACCHIUSO TRA LE PARETI DI UN UNICO APPARTAMENTO. VINCITORE DI 6 NASTRI D'ARGENTO 1987 PER MIGLIOR FILM, MIGLIOR REGIA, MIGLIOR ATTORE, MIGLIORE SCENEGGIATURA, MIGLIOR MONTAGGIO, MIGLIOR COLONNA SONORA. CANDIDATO ALL'OSCAR COME MIGLIO R FILM STRANIERO 1987.
538 ## - SYSTEM DETAILS NOTE
System details note PAL, STEREO
546 ## - LANGUAGE NOTE
Language note ITALIANO
650 ## - SUBJECT ADDED ENTRY--TOPICAL TERM
Topical term or geographic name as entry element DRAMMATICO
Relator term DVD-FILM [DVD]
General subdivision Codice MATERIA SPICS: 9947
9 (RLIN) 49502
700 ## - ADDED ENTRY--PERSONAL NAME
Personal name Maccari Ruggero
Relator term (soggetto)
Miscellaneous information Codice Soggetto SPICS: 4397
9 (RLIN) 49503
700 ## - ADDED ENTRY--PERSONAL NAME
Personal name Scarpelli Furio
Relator term (soggetto)
Miscellaneous information Codice Soggetto 2° SPICS: 1529
9 (RLIN) 49504
700 ## - ADDED ENTRY--PERSONAL NAME
Personal name Scola Ettore
Relator term (regista)
Miscellaneous information Codice regista SPICS: 1407
9 (RLIN) 49505
700 ## - ADDED ENTRY--PERSONAL NAME
Personal name Trovaioli Armando
Relator term (musica)
Miscellaneous information Codice Musica SPICS: 11182
9 (RLIN) 49506
942 ## - ADDED ENTRY ELEMENTS (KOHA)
Koha item type DVD
Source of classification or shelving scheme Dewey Decimal Classification
Dati di copia
Withdrawn status Lost status Damaged status Not for loan Home library Current library Date acquired Total Checkouts Full call number Date last seen Price effective from Koha item type Public note
    Buone Condizioni Not For Loan SPICS-MEDIATECA SPICS-MEDIATECA 31/01/2015   H5997 31/01/2015 31/01/2015 DVD Progr. Ins.: 3362 / N.Vol.:1 / Copie: 1 / Pag.:0 / Copia rara: n.d. / date import: 1.2.2015 / By Epidotti, Trombetti, Vaglietti
CREDITS: SOCIETA' SAN PAOLO Via A.Severo, 58 - ROMA (RM) & PERIODICI SAN PAOLO SRL Via Giotto, 36 MILANO & CISF Via Giotto, 36 MILANO & EDIZIONI SAN PAOLO SRL,  Piazza Soncino, 5 CINISELLO BALSAMO (MI) -- ITALY